000 00293nam a2200121Ia 4500
008 191014s9999 xx 000 0 und d
082 _a428.6
_bTRO
100 _aAnthony Trollope
_920487
245 0 _aBarchester Towers
260 _aPakistan
_bS.T Printers
300 _aPeg,477
942 _cBK
999 _c531073
_d531073